Famous Piggy Banks (Picture Quiz) Stats

Quiz not verified by Sporcle

Also try: Pants or No Pants?
Challenge
Share
Tweet
Score 0/30 Timer 04:00
0 Plays Today
% Correct
SpongeBob
96.6%
Spider-Man
96.3%
Mario
95.8%
The Pink Panther
95.6%
Garfield
93.9%
Tigger
90.2%
Miss Piggy
87.2%
Stitch
82.8%
Darth Vader
80.3%
Waldo
78.5%
Kenny McCormick
75%
Betty Boop
71.5%
Elvis Presley
71.1%
Mike Wazowski
67.1%
Gene Simmons
66.8%
% Correct
Smurfette
66.5%
Billy (Saw)
65.3%
Puss in Boots (Shrek)
62.2%
Bambi
61.5%
Catwoman
59.3%
Snow White
54.4%
Cheshire Cat
54%
Johnny Bravo
49%
Michelangelo
41.3%
The Joker
38.8%
Turanga Leela
37.7%
Hamm (Toy Story)
36.6%
Marty (Madagascar)
17.7%
Slash
16.7%
Totoro
9.5%

You're not logged in!

Compare scores with friends on all Sporcle quizzes.
Sign Up with Email
OR
Log In

You Might Also Like...

Show Comments

Extras

Top Quizzes Today


Score Distribution

Your Account Isn't Verified!

In order to create a playlist on Sporcle, you need to verify the email address you used during registration. Go to your Sporcle Settings to finish the process.